000 00715nam a2200217Ia 4500
003 IN-BaIIA
008 211028s9999 xx 000 0 eng d
020 _a0-89581-522-2
040 _cIIA Library
080 _aGEN
_bSBE-13
100 _aDavid, Rhys T.W.
_916799
245 0 _aVinaya texts
_bpart 1, the Patimokkha, the Mahavagga I-IV
_cRhys T.W. David and translated by Hermann Oldenberg
260 _aDelhi
_bMotilal Banarsidass
_c1982
300 _axxxvii, 360p.
490 _aSacred Books of the East; v.13
650 _aGeneral
_99574
650 _aNASA Thesaurus
650 _aVinaya Texts
_916800
700 _aOldenberg, Hermann, trans.
_916801
942 _cBK
999 _c9903
_d9903